03039nam a2200397 a 450000100100000000500170001000800410002704000250006824502340009326000490032730000310037650001810040750000360058850503450062450504010096953400490137053400350141953400520145453400360150659000760154270000340161870000360165270000360168870000340172474000170175874000180177574000350179374000350182874000350186304900090189895201810190795201810208895201740226995201810244399900170262400003573820200930074555.0111109s19671969es ac 000 0 spa d aDO-SdBNPbspacBNPHU03aLas metamorfosis de la humanidad :buna historia del arte y el mundo /cbajo la dirección de Robert Philippe ; traducción al español José M. Claramunda ; revisión de textos Francisco Luis Cardona, Ángel CarmonaRistol. aBarcelona :bEditorial Bruguera,c1967-1969. av. :bil., mapas ;c26 cm. av.5 1100/1300 La época de las catedrales ; La tradición del color opaco ; la novedad del color translúcido ; el anhelo de luz ; el espacio en profundidad: la perspectiva. aLa biblioteca posee los vs. 1-40 gv.1 400/700tLa época de las invasiones : La barbarie, madre de civilizaciones /rpor Edouard Salin --rtraducción al español : Fernando Corripio. --gv. 2 700/900tLa época de la Guerra Santa ; un arte mayestático /rpor Jerzy Gassowsky, Andrzej Jakimovicz, Stanislas Tabacynski --rtraducción al español Fermín Muñoz. --0 gv.3 900/1100tDios, el mundo en Peligro : el año mil /rhan colaborado destacadamente en este volumen : Jerzy Gassowski, Jean Glénisson, Philipe Sussel -- traducción al español : Josefa Armangué.--gv.4 1300/1500tUna época de las calamidades ; Los descubrimientos del mundo /rpor Jean Glenisson con la colaboración de F. J. Fino -- traducción al español : Fermín Muñoz. -- aTítulo original.tLe temps des cathedrales aTítulo original.tL an Mille aTítulo originaltLe temps de la guerre sainte aTítulo original.tLa barbarie aPerteneció a la biblioteca personal de Juan Isidro Jimenes Grullón.12aPhilippe, Robert,eed.96168012aCardona, Francisco Luis,96168112aCarmona Ristol, Ángel,96168212aClaramunda, José M.,9616833 aLa barbarie.12aEl año mil.12aLa época de la guerra santa.12aLos descubrimientos del mundo.12aLas época de las catedrales. aBNPD 001050718MOaGRbGRcCTd2011-11-09iLF1l0ov. 3p35738-30r2020-06-25w2020-06-25y1zPerteneció a la biblioteca personal de Juan Isidro Jimenes Grullón.ZNo se presta 001050718MOaGRbGRcCTd2011-11-09iLF1l0ov. 2p35738-40r2020-06-25w2020-06-25y1zPerteneció a la biblioteca personal de Juan Isidro Jimenes Grullón.ZNo se presta 001050718MOaGRbGRcCTd2011-11-09iLF1l0ov. 4pVr2020-06-25w2020-06-25y1zPerteneció a la biblioteca personal de Juan Isidro Jimenes Grullón.ZNo se presta 001050718RVaGRbGRcCTd2011-11-09iLF1l0ov. 1p35738-10r2020-06-25w2020-06-25y1zPerteneció a la biblioteca personal de Juan Isidro Jimenes Grullón.ZNo se presta c35229d35229